Àlbum fotogràfic de la Mancomunitat de Catalunya /
ISBN:
9788498036985
Descripción Física:
159 pàgines : il·lustracions ; 22 cm
Otros Autores:
Forcadell i Esteller, Xavier
,
Elorduy Vidal, Josep Maria
,
Balcells, Albert
,
Canosa i Farran, Francesc
,
Play, Jordi
Materias:
Catalunya. -- Mancomunitat
; Catalunya. -- Mancomunitat -- Llibres de làmines
; Catalunya. -- Mancomunitat -- Història
; Catalunya -- Política i govern -- 1914-1925
Idioma:
Catalán
MARC
| LEADER | 00000nam a2200000 a 4500 | ||
|---|---|---|---|
| 001 | 25697 | ||
| 008 | 220530b spa||||| |||| 00| 0 cat d | ||
| 017 | |a DL B 27779-2014 | ||
| 020 | |a 9788498036985 | ||
| 080 | |a Bib-588 | ||
| 245 | 0 | 0 | |a Àlbum fotogràfic de la Mancomunitat de Catalunya / |c coordinació: Xavier Forcadell i Josep Maria Elorduy ; revisió històrica: Albert Balcells ; textos: Francesc Canosa ; fotografia: Jordi Play] |
| 246 | 3 | 4 | |a Ahir-avui, 1914-2014 |
| 250 | |a Primera edició | ||
| 260 | |a Barcelona : |b Diputació de Barcelona, |c desembre de 2014 | ||
| 300 | |a 159 pàgines : |b il·lustracions ; |c 22 cm | ||
| 500 | |a Títol a la coberta: Ahir-avui, 1914-2014 | ||
| 610 | 2 | 0 | |a Catalunya. |b Mancomunitat |9 53015 |
| 610 | 0 | |9 53139 |a Catalunya. |b Mancomunitat |v Llibres de làmines | |
| 610 | 0 | |9 19438 |a Catalunya. |b Mancomunitat |x Història | |
| 651 | 0 | |a Catalunya |x Política i govern |y 1914-1925 |9 19440 | |
| 700 | |a Forcadell i Esteller, Xavier |e director |9 19574 | ||
| 700 | |a Elorduy Vidal, Josep Maria |e director |9 53137 | ||
| 700 | |a Balcells, Albert |9 31713 | ||
| 700 | |a Canosa i Farran, Francesc |9 53138 | ||
| 700 | 1 | |a Play, Jordi |e fotografies |9 52844 | |
| 710 | 1 | |a Barcelona (Catalunya : Província). |b Diputació |9 52408 | |
| 942 | |c ARXIU |2 udc |n 1 | ||
| 952 | |0 0 |1 0 |4 0 |6 BIB588 |7 1 |9 62090 |a Arxiu |b Arxiu |d 2022-05-30 |l 0 |o Bib-588 |p 25698 |r 2022-05-30 00:00:00 |w 2022-05-30 |y ARXIU | ||
| 999 | |c 81799 |d 81799 | ||